| 000 | 00382nam a2200145Ia 4500 | ||
|---|---|---|---|
| 005 | 20250729165758.0 | ||
| 008 | 250729s2017 xx 000 0 und d | ||
| 041 | _aeng | ||
| 082 | _a900.25 KATA | ||
| 100 |
_aKathryn Thornton _9232811 |
||
| 245 | _aAnswer Book 10001 Fast Facts | ||
| 260 |
_aWashington _bNational Geographic _c2017 |
||
| 300 | _a470p | ||
| 650 |
_aGeography _9232812 |
||
| 999 |
_c239968 _d239968 |
||